| 000 | 00525nam a2200217Ia 4500 | ||
|---|---|---|---|
| 003 | GCL | ||
| 008 | 140319s9999 xx 000 0 eng d | ||
| 040 |
_aGCL / _cGCL |
||
| 082 | 0 | 4 |
_a746.72 _bH K |
| 100 | 1 | _aHULL, ALSTAIR | |
| 245 | 1 | 0 |
_aKILIM: THE COMPLETE GUIDE. / _cHULL, ALSTAIR |
| 700 | 1 | _aLUCZYC-WYHOWSKA, JOSE | |
| 260 |
_a[S.N] : _bTHAMES AND HUDSON ، _c1993 |
||
| 300 | _a352\P | ||
| 650 | 0 | 4 | _aARTS |
| 650 | 0 | 4 | _aCARPETS |
| 650 | 0 | 4 | _aDECORATION |
| 650 | 0 | 4 | _aRUGS |
| 650 | 0 | 4 | _aKILIMS |
| 942 |
_2ddc _cBK |
||
| 999 |
_c20879 _d20879 |
||